000 01493cam a2200361 i 4500
999 _c64433
_d64433
001 170955982
003 CO-MdFUSB
005 20180824152643.0
008 070911s20082005miu g b 000 0 eng d
020 _a0801035759 (pbk.)
020 _a9780801035753 (pbk.)
040 _aYDXCP
_cCO-MdFUSB
_dCO-MdFUSB
_dBAKER
_dSLV
_dUtOrBLW
_bspa
_erda
041 _aeng
082 _224
_aG 280.042
_bN793i
100 1 _aNoll, Mark A.,
_d1946-
_eautor
245 1 0 _aIs the Reformation over?
_b: an evangelical assessment of contemporary Roman Catholicism
_c/ Mark A. Noll, Carolyn Nystrom.
264 1 _aGrand Rapids, Mich. :
_bBakerAcademic,
_c℗2008.
264 4 _c©2005
300 _a272 páginas ;
_c23 cm.
336 _2rdacontent.
_atexto
_btxt
337 _2rdamedia.
_asin mediación
_bn
338 _2rdacarrier.
_avolumen
_bnc
501 _aIncluye índice (páginas 266- 272)
504 _aBibliografía (páginas 253-265)
505 0 _aLas cosas no son como solían ser -- Confrontación histórica -- ¿Por qué cambiaron las cosas? -- Diálogos ecuménicos -- El catecismo católico -- Evangélicos y católicos juntos -- Reacciones del antagonismo a la conversión -- Una evaluación estadounidense -- ¿Ha terminado la Reforma?
610 2 7 _aIglesia Católica
650 0 _aProtestantismo
_9947
653 _aEvangelicalism - Relaciones - Iglesia Católica
700 1 _aNystrom, Carolyn.
942 _cBK